[Event "PRO League Central 2017"]
[Site "chess.com INT"]
[Date "2017.02.01"]
[Round "4"]
[White "Villegas, Pierre"]
[Black "Feuerstack, Aljoscha"]
[Result "0-1"]
[WhiteTitle "FM"]
[BlackTitle "IM"]
[WhiteElo "2363"]
[BlackElo "2449"]
[WhiteTeam "Cannes Blockbusters"]
[BlackTeam "Hamburg Swashbucklers"]
[WhiteFideId "654183"]
[BlackFideId "4681932"]
[EventDate "2017.01.11"]

1. d4 d5 2. c4 c6 3. Nf3 Nf6 4. e3 Bf5 5. Nc3 e6 6. Nh4 Bg6 7. Be2 Nbd7 8. O-O
dxc4 9. Nxg6 hxg6 10. Bxc4 Qc7 11. g3 O-O-O 12. e4 e5 13. d5 Nb6 14. Bb3 Bb4 15.
Bg5 Bxc3 16. bxc3 cxd5 17. exd5 Nbxd5 18. Qf3 e4 19. Qg2 Rhe8 20. c4 Nb4 21. Ba4
Re6 22. c5 Nd3 23. c6 bxc6 24. Rab1 Qa5 25. Bb3 Qxg5 26. Bxe6+ fxe6 27. Rfd1 Qc5
28. g4 e3 29. Qg3 e5 30. g5 exf2+ 31. Kf1 Qd5 32. gxf6 Qh1+ 33. Ke2 f1=Q+ 34.
Rxf1 Qe4+ 35. Qe3 Nf4+ 36. Rxf4 Qc2+ 37. Kf3 Rd3 38. Rfb4 e4+ 39. Kf4 g5+ 40.
Kxe4 Rc3+ 41. Kf3 Qf5+ 42. Ke2 Qc2+ 43. Kf3 g4+ 44. Rxg4 Rxe3+ 45. Kxe3 Qc3+ 46.
Kf4 Qxf6+ 47. Kg3 Qc3+ 48. Kh4 Qf6+ 49. Kg3 Qc3+ 50. Kh4 Qc2 51. Rbg1 Qxh2+ 52.
Kg5 Qe5+ 53. Kh4 Qh2+ 54. Kg5 c5 55. Kf5 Qf2+ 56. Ke5 Qxa2 57. Rxg7 Qd2 58. R1g4
a5 59. Ke6 a4 60. Rf7 Qa2+ 61. Kf6 Qf2+ 62. Kg7 Qb2+ 63. Kh7 Qh2+ 64. Kg7 a3 65.
Rg6 Qe5+ 66. Kg8 a2 67. Ra6 Qg5+ 68. Kh8 Qh5+ 69. Kg8 Qg5+ 70. Kh8 Qd5 71. Raa7
a1=Q+ 72. Rxa1 Qd4+ 73. Kh7 Qxa1 0-1

[Event "PRO League Central 2017"]
[Site "chess.com INT"]
[Date "2017.02.01"]
[Round "4"]
[White "Adair, James R"]
[Black "Juhasz, Barbara"]
[Result "0-1"]
[WhiteTitle "IM"]
[BlackTitle "WFM"]
[WhiteElo "2480"]
[BlackElo "2179"]
[WhiteTeam "London Lions"]
[BlackTeam "Budapest Gambit"]
[WhiteFideId "406252"]
[BlackFideId "743585"]
[EventDate "2017.01.11"]

1. e4 e5 2. Nf3 Nc6 3. Bb5 a6 4. Ba4 Nf6 5. O-O Be7 6. d3 d6 7. c3 O-O 8. Re1 b5
9. Bc2 d5 10. Nbd2 dxe4 11. dxe4 Be6 12. Qe2 Nh5 13. Nf1 Bc4 14. Qd1 Qxd1 15.
Bxd1 Nf6 16. Ne3 Be6 17. Ng5 Bd7 18. Nd5 Bd6 19. Nxf6+ gxf6 20. Nf3 f5 21. exf5
Bxf5 22. Nh4 Bd7 23. Bh6 Rfe8 24. Bc2 Ne7 25. Rad1 Be6 26. Re3 Ng6 27. Nf5 Bf8
28. Bxf8 Kxf8 29. h4 Rad8 30. Rxd8 Rxd8 31. h5 Rd2 32. hxg6 hxg6 33. Bb3 Bxf5
34. Rxe5 Rxb2 35. Rc5 Be6 36. Bxe6 fxe6 37. Rxc7 Rxa2 38. Ra7 a5 39. f3 a4 40.
Rb7 Rb2 41. Kh2 a3 42. Kh3 a2 43. Ra7 Ke8 44. g3 Kd8 45. Kg4 Kc8 46. Kg5 Kb8 47.
Ra5 Kb7 48. g4 Kb6 49. Ra8 Kc5 50. Kxg6 Kc4 51. g5 Kb3 52. Kf7 Rb1 53. Ra5 a1=Q
54. Rxa1 Rxa1 55. g6 Rf1 56. g7 Rxf3+ 0-1

[Event "PRO League Central 2017"]
[Site "chess.com INT"]
[Date "2017.02.01"]
[Round "4"]
[White "Adair, James R"]
[Black "Nagy, Gabor1"]
[Result "0-1"]
[WhiteTitle "IM"]
[BlackTitle "IM"]
[WhiteElo "2480"]
[BlackElo "2433"]
[WhiteTeam "London Lions"]
[BlackTeam "Budapest Gambit"]
[WhiteFideId "406252"]
[BlackFideId "737119"]
[EventDate "2017.01.11"]

1. e4 c5 2. Nf3 d6 3. d4 cxd4 4. Nxd4 Nf6 5. Nc3 a6 6. Be3 Nc6 7. f3 e6 8. Qd2
Be7 9. O-O-O O-O 10. g4 Nd7 11. Kb1 Nxd4 12. Bxd4 b5 13. h4 Bb7 14. a3 Ne5 15.
Qf2 Qc7 16. g5 Rac8 17. Rg1 Nc6 18. Bf6 b4 19. axb4 Nxb4 20. Bxe7 Qxe7 21. Qd4
d5 22. exd5 Bxd5 23. Nxd5 Nxd5 24. Bxa6 Rb8 25. Bc4 Rb4 26. c3 Ra4 27. Qd3 Qa7
28. Bxd5 exd5 29. Qxd5 Rxh4 30. Rh1 Rxh1 31. Rxh1 Ra8 32. Rd1 g6 33. Kc2 Qa4+
34. Qb3 Qf4 35. Qb7 Qa4+ 36. Kc1 Qa1+ 37. Kc2 Qa4+ 38. Qb3 Qf4 39. Qd5 Qa4+ 40.
Kc1 Qa1+ 41. Kc2 Qa4+ 42. Kc1 Rb8 43. b4 Qa3+ 44. Kc2 Rc8 45. Qb3 Qa8 46. Rd5
Qa6 47. b5 Qb6 48. c4 Re8 49. c5 Qa5 50. Rd2 Re5 51. Qc4 Rxg5 52. f4 Rg3 53. b6
Ra3 54. b7 Ra2+ 55. Kb1 Ra1+ 56. Kb2 Qa3+ 57. Kc2 Rc1# 0-1

[Event "PRO League Central 2017"]
[Site "chess.com INT"]
[Date "2017.02.01"]
[Round "4"]
[White "Svane, Rasmus"]
[Black "Daulyte, Deimante"]
[Result "1/2-1/2"]
[WhiteTitle "GM"]
[BlackTitle "IM"]
[WhiteElo "2560"]
[BlackElo "2447"]
[WhiteTeam "Hamburg Swashbucklers"]
[BlackTeam "Cannes Blockbusters"]
[WhiteFideId "4657101"]
[BlackFideId "12802859"]
[EventDate "2017.01.11"]

1. c4 Nf6 2. Nf3 e6 3. g3 d5 4. Bg2 Be7 5. O-O O-O 6. b3 d4 7. e3 c5 8. exd4
cxd4 9. Re1 Nc6 10. Bb2 Re8 11. d3 Bb4 12. Nfd2 a5 13. a3 Bc5 14. Ne4 Nxe4 15.
Bxe4 f5 16. Bg2 e5 17. Nd2 Qf6 18. Bd5+ Be6 19. Nf3 Bd6 20. Bxe6+ Rxe6 21. Rc1
Bc5 22. Nd2 Rae8 23. Qf3 e4 24. dxe4 fxe4 25. Qxf6 gxf6 26. Kg2 f5 27. Rcd1 Ne5
28. b4 axb4 29. Nb3 Nd3 30. Nxc5 Nxb2 31. Rxd4 Rc6 32. axb4 b6 33. Nd7 Kf7 34.
c5 Nd3 35. Ra1 bxc5 36. bxc5 Ke6 37. Rb1 Rd8 38. Nb8 Rxd4 39. Nxc6 Rc4 40. Rb6
Rxc5 41. Nd4+ Ke5 42. Nc6+ Kd6 43. Nd4+ Kc7 44. Rf6 Kd7 45. Rxf5 Rxf5 46. Nxf5
Ke6 47. Nd4+ Ke5 48. Nc2 Kf5 49. Ne3+ Ke5 50. Kf1 Nc5 51. Ke2 Ne6 52. Ng4+ Kf5
53. h3 h5 54. Ne3+ Ke5 55. Ng2 Nd4+ 56. Ke3 Nf5+ 57. Kd2 Kd4 58. Ke2 Ke5 59. Nf4
Ng7 60. Kd2 Kf5 61. Ke3 Ke5 62. Kd2 Kf5 63. Kc3 h4 64. Kd2 hxg3 65. fxg3 Ke5 66.
Ng6+ Kf5 67. Nh4+ Ke5 68. Ke3 Nh5 69. g4 Nf4 70. Nf3+ exf3 71. Kxf3 Nxh3 72. g5
Nxg5+ 1/2-1/2

[Event "PRO League Central 2017"]
[Site "chess.com INT"]
[Date "2017.02.01"]
[Round "4"]
[White "Fontaine, Robert"]
[Black "Souleidis, Georgios"]
[Result "1/2-1/2"]
[WhiteTitle "GM"]
[BlackTitle "IM"]
[WhiteElo "2549"]
[BlackElo "2401"]
[WhiteTeam "Cannes Blockbusters"]
[BlackTeam "Hamburg Swashbucklers"]
[WhiteFideId "605590"]
[BlackFideId "4206827"]
[EventDate "2017.01.11"]

1. e4 c5 2. Nf3 Nc6 3. Bb5 g6 4. O-O Bg7 5. Re1 Nf6 6. Nc3 O-O 7. d3 d6 8. Bxc6
bxc6 9. e5 Nd5 10. Nxd5 cxd5 11. h3 dxe5 12. Nxe5 Bb7 13. d4 cxd4 14. Qxd4 f6
15. Nd3 e5 16. Qb4 Rb8 17. Nc5 Qd6 18. Qa5 Bc6 19. a4 f5 20. Nd3 f4 21. Qc5 Qxc5
22. Nxc5 Rfe8 23. c3 g5 24. a5 Bb5 25. Rd1 Bf8 26. b4 Bc4 27. Nd7 Rbd8 28. Nf6+
Kf7 29. Nxe8 Rxe8 30. b5 Rb8 31. b6 axb6 32. a6 Ra8 33. a7 b5 34. Ba3 Rxa7 35.
Bxf8 Rxa1 36. Rxa1 Kxf8 37. f3 Kf7 38. Kf2 e4 39. Ra7+ Kg6 40. fxe4 dxe4 41. g4
e3+ 42. Kf3 Bd5+ 43. Ke2 Bc4+ 44. Kf3 Bd5+ 45. Ke2 Bc4+ 46. Kf3 1/2-1/2

[Event "PRO League Central 2017"]
[Site "chess.com INT"]
[Date "2017.02.01"]
[Round "4"]
[White "Pruijssers, Roeland"]
[Black "Astaneh Lopez, Alex"]
[Result "1-0"]
[WhiteTitle "GM"]
[BlackTitle "IM"]
[WhiteElo "2502"]
[BlackElo "2417"]
[WhiteTeam "Apeldoorn Apes"]
[BlackTeam "Dublin Desperados"]
[WhiteFideId "1013068"]
[BlackFideId "2501430"]
[EventDate "2017.01.11"]

1. e4 c6 2. d4 d5 3. e5 c5 4. Nf3 Bg4 5. dxc5 Nc6 6. Bb5 e6 7. b4 a5 8. c3 Ne7
9. h3 Bxf3 10. Qxf3 Qc7 11. Qe2 O-O-O 12. a3 Qxe5 13. Qxe5 Nxe5 14. Nd2 g6 15.
Nb3 Bg7 16. Bg5 f6 17. Bd2 N5c6 18. O-O axb4 19. axb4 e5 20. Be2 d4 21. b5 dxc3
22. Bxc3 Nd5 23. bxc6 Nxc3 24. Bc4 Bh6 25. Ra7 bxc6 26. Na5 Rhe8 27. Ba6+ 1-0

[Event "PRO League Central 2017"]
[Site "chess.com INT"]
[Date "2017.02.01"]
[Round "4"]
[White "Pruijssers, Roeland"]
[Black "Delaney, Killian"]
[Result "1/2-1/2"]
[WhiteTitle "GM"]
[WhiteElo "2502"]
[BlackElo "2230"]
[WhiteTeam "Apeldoorn Apes"]
[BlackTeam "Dublin Desperados"]
[WhiteFideId "1013068"]
[BlackFideId "2501570"]
[EventDate "2017.01.11"]

1. e4 c6 2. Nc3 d5 3. Qe2 dxe4 4. Nxe4 Bf5 5. d3 e6 6. g4 Bg6 7. Bg2 Nd7 8. Bd2
Bxe4 9. Bxe4 Ngf6 10. Bg2 Qb6 11. O-O-O Bc5 12. Nh3 a5 13. c3 a4 14. d4 Be7 15.
c4 a3 16. Bc3 axb2+ 17. Kb1 Qa6 18. Qxb2 Qxc4 19. Nf4 Nd5 20. Nxd5 cxd5 21. Bf1
Qc7 22. Rc1 Ba3 23. Bb4 Qxc1+ 24. Qxc1 Bxc1 25. Kxc1 Rxa2 26. Kb1 Ra4 27. Bd6 f6
28. Bb5 Ra5 29. Bd3 Kf7 30. Rc1 g6 31. Rc7 Rd8 32. Rxb7 Raa8 33. Bb5 Ke8 34. f4
Ra5 35. Kb2 Rxb5+ 36. Rxb5 Rc8 37. f5 gxf5 38. gxf5 exf5 39. Rxd5 Nb6 40. Rxf5
Nc4+ 41. Kb3 Nxd6 42. Rxf6 Ke7 43. Rh6 Rh8 44. d5 Nf7 45. Re6+ Kd7 46. Rf6 Nd6
47. Rh6 Nf7 48. Rf6 Rf8 49. Kc3 Rc8+ 50. Kd3 Ke7 51. Re6+ Kf8 52. h4 Rd8 53. Kd4
Rd6 54. Re4 Rf6 55. Kc5 Nd6 56. Rg4 Nf5 57. Rf4 Kg7 58. Rg4+ Kh6 59. Rf4 Kh5 60.
Rf1 h6 61. Rf4 Rf8 62. d6 Rc8+ 63. Kd5 Nxd6 64. Kxd6 Rg8 65. Ke5 Rg4 66. Rxg4
Kxg4 67. h5 Kxh5 68. Kf4 Kh4 1/2-1/2

[Event "PRO League Central 2017"]
[Site "chess.com INT"]
[Date "2017.02.01"]
[Round "4"]
[White "Hawkins, Jonathan"]
[Black "Thorfinnsson, Bragi"]
[Result "1-0"]
[WhiteTitle "GM"]
[BlackTitle "IM"]
[WhiteElo "2583"]
[BlackElo "2453"]
[WhiteTeam "London Towers"]
[BlackTeam "Reykjavik Puffins"]
[WhiteFideId "412686"]
[BlackFideId "2300958"]
[EventDate "2017.01.11"]

1. d4 Nf6 2. c4 e6 3. Nc3 d5 4. Nf3 Be7 5. Bg5 O-O 6. e3 b6 7. cxd5 Nxd5 8. Bxe7
Qxe7 9. Nxd5 exd5 10. Rc1 Be6 11. Bd3 c5 12. dxc5 bxc5 13. Qc2 Nd7 14. Bxh7+ Kh8
15. Bf5 Rab8 16. O-O Qf6 17. Bxe6 fxe6 18. b3 g5 19. Qc3 Kg7 20. Nxg5 d4 21.
exd4 Qxg5 22. dxc5+ Rf6 23. c6 Nb6 24. f4 Qb5 25. Rf3 Nd5 26. Qe5 Qb6+ 27. Kh1
Qc7 28. Qh5 Nxf4 29. Qg4+ Kf7 30. g3 Rg8 31. Qh4 Nd5 32. Qh5+ Rg6 33. Rxf6+ Nxf6
34. Qc5 Nd5 35. Qd4 Rf6 36. Qh4 Ke7 37. Qe4 a5 38. Qh7+ Kd6 39. Qh8 Qf7 40. Qb8+
Qc7 41. Qh8 Qf7 42. Qb8+ Qc7 43. Qb5 Ke7 44. Qc5+ Kf7 45. a3 Qe5 46. Qc2 Ne3 47.
Qd3 Nd5 48. b4 axb4 49. axb4 Qd6 50. b5 Qb4 51. Rb1 Qc5 52. Qh7+ Kf8 53. Ra1 Nb6
54. Qd3 1-0

[Event "PRO League Central 2017"]
[Site "chess.com INT"]
[Date "2017.02.01"]
[Round "4"]
[White "Hawkins, Jonathan"]
[Black "Jensson, Einar Hjalti"]
[Result "1-0"]
[WhiteTitle "GM"]
[BlackTitle "IM"]
[WhiteElo "2583"]
[BlackElo "2386"]
[WhiteTeam "London Towers"]
[BlackTeam "Reykjavik Puffins"]
[WhiteFideId "412686"]
[BlackFideId "2301067"]
[EventDate "2017.01.11"]

1. d4 d5 2. c4 e6 3. Nf3 Nf6 4. Nc3 Be7 5. Be3 O-O 6. Bg5 Nbd7 7. e3 h6 8. Bh4
c5 9. cxd5 Nxd5 10. Bxe7 Qxe7 11. Nxd5 exd5 12. dxc5 Qxc5 13. Qd4 Qxd4 14. Nxd4
Nf6 15. Rc1 Be6 16. Bd3 Rfc8 17. Ke2 Kf8 18. f3 a6 19. Rhd1 Ke7 20. g4 Rxc1 21.
Rxc1 Rc8 22. Rxc8 Bxc8 23. b4 Kd6 24. Bf5 Be6 25. h4 Nd7 26. Bd3 Ne5 27. Kd2
Nxd3 28. Kxd3 Bd7 29. Kc3 g6 30. g5 hxg5 31. hxg5 b6 32. f4 Ke7 33. Nf3 f6 34.
Kd4 fxg5 35. fxg5 Kd6 36. Nh4 Be8 37. Ng2 a5 38. Nf4 axb4 39. Nxd5 Ba4 40. Nxb4
Bd7 41. e4 Bg4 42. a3 Be6 43. Nd3 Bf7 44. Nf4 Be8 45. Nd5 b5 46. e5+ Kc6 47.
Nb4+ Kd7 48. Nd3 Ke6 49. Nc5+ Kf5 50. Kd5 Kxg5 51. Ne4+ Kf4 52. Nf6 Bf7+ 53. e6
Bxe6+ 54. Kxe6 g5 55. Kd5 g4 56. Nxg4 Kxg4 57. Kc5 Kf5 58. Kxb5 Ke6 59. Kc6 Ke7
60. Kc7 Ke6 61. a4 Kd5 62. a5 1-0

[Event "PRO League Central 2017"]
[Site "chess.com INT"]
[Date "2017.02.01"]
[Round "4"]
[White "Movsesian, Sergei"]
[Black "Vertetics, Attila"]
[Result "1-0"]
[WhiteTitle "GM"]
[BlackTitle "IM"]
[WhiteElo "2679"]
[BlackElo "2416"]
[WhiteTeam "London Lions"]
[BlackTeam "Budapest Gambit"]
[WhiteFideId "310204"]
[BlackFideId "723720"]
[EventDate "2017.01.11"]

1. Nf3 d5 2. g3 c6 3. Bg2 Bg4 4. O-O Nd7 5. d3 e6 6. c4 Bxf3 7. Bxf3 dxc4 8.
dxc4 Ne5 9. Qb3 Nxf3+ 10. exf3 Qb6 11. Qxb6 axb6 12. Nc3 Nf6 13. b3 Bc5 14. Rd1
Ke7 15. Na4 Rhd8 16. Bb2 Ne8 17. Bc3 Rxd1+ 18. Rxd1 Ra6 19. Rd2 Bd6 20. Bd4 Bc7
21. f4 f6 22. Rd1 g6 23. Kg2 Ng7 24. g4 e5 25. fxe5 fxe5 26. Be3 Ne6 27. Nc3 Ra8
28. a4 Rd8 29. Rxd8 Kxd8 30. Ne4 Ke7 31. h4 Nf8 32. Bg5+ Kf7 33. Kf3 Ne6 34. Be3
h5 35. gxh5 gxh5 36. Ng3 Kg6 37. Ke4 Nd4 38. b4 Nc2 39. b5 Bd8 40. Nf5 Nxe3 41.
fxe3 cxb5 42. cxb5 Bf6 43. Nd6 Bxh4 44. Nxb7 Be7 45. a5 bxa5 46. Nxa5 Bc5 47.
Nc4 h4 48. Nxe5+ Kg7 49. Kf3 h3 50. e4 h2 51. Kg2 Bd4 52. Nc4 Bg1 53. b6 Kf6 54.
b7 Ba7 55. Kxh2 Ke6 56. e5 Kd7 57. Kg3 Kc7 58. Nd6 Bd4 59. Kf4 Bb2 60. Kf5 Ba1
61. e6 1-0

[Event "PRO League Central 2017"]
[Site "chess.com INT"]
[Date "2017.02.01"]
[Round "4"]
[White "Souleidis, Georgios"]
[Black "Villegas, Pierre"]
[Result "0-1"]
[WhiteTitle "IM"]
[BlackTitle "FM"]
[WhiteElo "2401"]
[BlackElo "2363"]
[WhiteTeam "Hamburg Swashbucklers"]
[BlackTeam "Cannes Blockbusters"]
[WhiteFideId "4206827"]
[BlackFideId "654183"]
[EventDate "2017.01.11"]

1. e4 c6 2. d4 d5 3. Nc3 dxe4 4. Nxe4 Bf5 5. Ng3 Bg6 6. h4 h6 7. Nf3 e6 8. Ne5
Bh7 9. Bd3 Bxd3 10. Qxd3 Nd7 11. f4 Be7 12. h5 Ngf6 13. Bd2 Qb6 14. O-O-O Rd8
15. Qf3 c5 16. Be3 O-O 17. c3 Nd5 18. Nxd7 Rxd7 19. dxc5 Bxc5 20. Bxc5 Qxc5 21.
Ne4 Qc7 22. Rd4 Rfd8 23. Rhd1 b6 24. g4 Ne7 25. Rxd7 Rxd7 26. Rxd7 Qxd7 27. g5
hxg5 28. fxg5 Qd5 29. h6 Nf5 30. b3 Nd6 31. h7+ Kh8 32. g6 Nxe4 33. gxf7 Qd2+
34. Kb1 Nxc3+ 35. Qxc3 Qxc3 36. f8=Q+ Kxh7 37. Qe8 Qf6 38. Qd7 a5 39. Qc7 e5 40.
Qd7 e4 41. Qh3+ Kg6 42. Qg4+ Qg5 43. Qe6+ Qf6 44. Qg4+ Qg5 45. Qe6+ Kh5 46. Qh3+
Qh4 47. Qf5+ Qg5 48. Qh3+ Qh4 49. Qf5+ g5 50. Qh7+ Kg4 51. Qxe4+ Kh3 52. Qh1+
Kg4 53. Qe4+ Kg3 54. Qe1+ Kh2 55. Qe2+ Kg1 56. Qe3+ Kf1 57. Qf3+ Qf2 58. Qh3+
Kg1 59. Qg4+ Qg2 60. Qd4+ Qf2 61. Qg4+ Qg2 62. Qd4+ Kh1 63. Qxb6 Qg1+ 64. Qxg1+
Kxg1 65. a3 Kf2 66. b4 axb4 67. axb4 g4 68. b5 g3 69. b6 g2 70. b7 g1=Q+ 0-1

[Event "PRO League Central 2017"]
[Site "chess.com INT"]
[Date "2017.02.01"]
[Round "4"]
[White "Thorhallsson, Throstur"]
[Black "Hawkins, Jonathan"]
[Result "0-1"]
[WhiteTitle "GM"]
[BlackTitle "GM"]
[WhiteElo "2414"]
[BlackElo "2583"]
[WhiteTeam "Reykjavik Puffins"]
[BlackTeam "London Towers"]
[WhiteFideId "2300109"]
[BlackFideId "412686"]
[EventDate "2017.01.11"]

1. e4 c6 2. d4 d5 3. exd5 cxd5 4. c4 Nf6 5. Nc3 g6 6. cxd5 Nxd5 7. Bc4 Nb6 8.
Bb3 Bg7 9. Be3 O-O 10. Nf3 Bg4 11. h3 Bxf3 12. Qxf3 Nc6 13. Rd1 Qd7 14. d5 Na5
15. O-O Nxb3 16. axb3 Rfe8 17. Bd4 Rad8 18. Bxg7 Kxg7 19. h4 h5 20. Rfe1 Nc8 21.
Ne4 Nd6 22. Ng5 Qf5 23. Qe3 a6 24. Rd4 Qf6 25. Qd2 Nf5 26. Rf4 e5 27. Rb4 b5 28.
Ne4 Qe7 29. Ng3 Nxg3 30. fxg3 Qc5+ 31. Kh2 Qxd5 32. Qe2 Qd3 33. Re4 Qxe2 34.
R1xe2 f6 35. g4 hxg4 36. Rxg4 f5 37. Rg3 Rd4 38. Rh3 Kf6 39. Rc2 Re6 40. h5 gxh5
41. Rxh5 Rg4 42. Rh6+ Rg6 43. Rh8 Kg5 44. Kg1 e4 45. Kf2 Kg4 46. Rc3 f4 47. Rc5
e3+ 48. Kf1 e2+ 49. Ke1 Kg3 50. Rch5 Kxg2 51. Rh2+ Kf3 52. Rf2+ Kg3 53. Rh1 f3
54. Rfh2 Rd6 0-1

[Event "PRO League Central 2017"]
[Site "chess.com INT"]
[Date "2017.02.01"]
[Round "4"]
[White "Cornette, Matthieu"]
[Black "Feuerstack, Aljoscha"]
[Result "1/2-1/2"]
[WhiteTitle "GM"]
[BlackTitle "IM"]
[WhiteElo "2586"]
[BlackElo "2449"]
[WhiteTeam "Cannes Blockbusters"]
[BlackTeam "Hamburg Swashbucklers"]
[WhiteFideId "620084"]
[BlackFideId "4681932"]
[EventDate "2017.01.11"]

1. d4 d5 2. Bf4 Nf6 3. e3 c5 4. Nf3 Nc6 5. Nbd2 Qb6 6. dxc5 Qxb2 7. Rb1 Qc3 8.
Bb5 e6 9. O-O Be7 10. Ne5 Bd7 11. Nxd7 Nxd7 12. e4 O-O 13. exd5 exd5 14. Ne4
dxe4 15. Qxd7 Bxc5 16. Qxb7 Rac8 17. Kh1 Bb6 18. Ba4 Na5 19. Qe7 Qc4 20. Bd7
Rcd8 21. Rbd1 Bc5 22. Bd6 Bxd6 23. Qxd6 Qxa2 24. Ra1 Qc4 25. Rfd1 Nb7 26. Qd5
Qxd5 27. Rxd5 Nc5 28. Rxa7 Rxd7 29. Raxd7 Nxd7 30. Rxd7 Rc8 31. g3 g6 1/2-1/2

[Event "PRO League Central 2017"]
[Site "chess.com INT"]
[Date "2017.02.01"]
[Round "4"]
[White "Cornette, Matthieu"]
[Black "Svane, Rasmus"]
[Result "1/2-1/2"]
[WhiteTitle "GM"]
[BlackTitle "GM"]
[WhiteElo "2586"]
[BlackElo "2560"]
[WhiteTeam "Cannes Blockbusters"]
[BlackTeam "Hamburg Swashbucklers"]
[WhiteFideId "620084"]
[BlackFideId "4657101"]
[EventDate "2017.01.11"]

1. d4 Nf6 2. Bf4 d5 3. e3 e6 4. Nd2 Bd6 5. Bg3 O-O 6. Bd3 c5 7. c3 Qc7 8. Bxd6
Qxd6 9. f4 b6 10. Qe2 a5 11. Ngf3 Ba6 12. Bxa6 Nxa6 13. Ne5 b5 14. O-O b4 15. f5
Rab8 16. fxe6 Qxe6 17. c4 Nc7 18. Rac1 cxd4 19. exd4 Rfe8 20. Ndf3 dxc4 21. Ng5
Qd5 22. Qxc4 Ne6 23. Nxe6 Qxe6 24. Qxe6 Rxe6 25. Rc7 Rd8 26. Nc6 Rd7 27. Rxd7
Nxd7 28. Nxa5 Re2 29. Rf2 Re1+ 30. Rf1 Re2 31. Nc4 Rc2 32. b3 Rxa2 33. Rf5 g6
34. Rb5 Nf6 35. Rxb4 Ng4 36. Ra4 Rc2 37. Ra1 Rc3 38. Rb1 Rd3 39. Ne5 Nxe5 40.
dxe5 Rd5 41. b4 Rxe5 42. b5 Re7 43. Kf2 Kf8 44. b6 Rb7 45. Ke3 Ke7 46. Kd4 Kd6
47. g4 f6 48. Rf1 f5 49. gxf5 gxf5 50. Rxf5 Rxb6 51. Rf6+ Kc7 52. Rf7+ Kd6 53.
Rxh7 Rb4+ 54. Ke3 Ke6 55. Kf3 Kf6 56. Kg3 Kg6 57. Rc7 Rb3+ 58. Kg2 Rb2+ 59. Kg3
Rb3+ 60. Kg4 Rb4+ 61. Kg3 Rb3+ 1/2-1/2

[Event "PRO League Central 2017"]
[Site "chess.com INT"]
[Date "2017.02.01"]
[Round "4"]
[White "Rendle, Thomas E"]
[Black "Hjartarson, Johann"]
[Result "1/2-1/2"]
[WhiteTitle "IM"]
[BlackTitle "GM"]
[WhiteElo "2356"]
[BlackElo "2540"]
[WhiteTeam "London Towers"]
[BlackTeam "Reykjavik Puffins"]
[WhiteFideId "408760"]
[BlackFideId "2300044"]
[EventDate "2017.01.11"]

1. e4 e5 2. Nf3 Nc6 3. Bc4 Bc5 4. c3 Nf6 5. d3 d6 6. Bb3 O-O 7. O-O Bb6 8. Nbd2
Ne7 9. Nc4 c6 10. Nxb6 axb6 11. Re1 b5 12. d4 Ng6 13. h3 h6 14. dxe5 dxe5 15.
Qxd8 Rxd8 16. Be3 Nh5 17. Bb6 Re8 18. Rad1 Nhf4 19. Kh2 Be6 20. Bxe6 Nxe6 21. a3
Re7 22. Rd6 f6 23. Red1 Kf7 24. g3 Ngf8 25. h4 h5 26. Be3 Ra4 27. Nd2 Rd7 28.
Rxd7+ Nxd7 29. Nb3 Ke7 30. f3 g6 31. Kg2 Ra8 32. g4 Rh8 33. Kg3 b6 34. Ra1 Ra8
35. Kf2 hxg4 36. fxg4 Rh8 37. Kg3 Nf4 38. Rh1 Nd3 39. Rh2 c5 40. Nc1 Nxc1 41.
Bxc1 Nf8 42. h5 g5 43. Be3 Ne6 44. Rd2 Ra8 45. Kf3 Rh8 46. Rd5 Ra8 47. Rd2 Rh8
48. Rd5 Ra8 49. Rd2 1/2-1/2

[Event "PRO League Central 2017"]
[Site "chess.com INT"]
[Date "2017.02.01"]
[Round "4"]
[White "Rendle, Thomas E"]
[Black "Thorhallsson, Throstur"]
[Result "1/2-1/2"]
[WhiteTitle "IM"]
[BlackTitle "GM"]
[WhiteElo "2356"]
[BlackElo "2414"]
[WhiteTeam "London Towers"]
[BlackTeam "Reykjavik Puffins"]
[WhiteFideId "408760"]
[BlackFideId "2300109"]
[EventDate "2017.01.11"]

1. e4 c5 2. Nc3 d6 3. f4 Nc6 4. Nf3 g6 5. Bb5 Bg7 6. Bxc6+ bxc6 7. O-O e6 8. d3
Ne7 9. Qe2 O-O 10. Be3 Rb8 11. Rab1 Qa5 12. e5 d5 13. Bf2 Nf5 14. g4 Nd4 15.
Nxd4 cxd4 16. Bxd4 c5 17. Bf2 f6 18. Bg3 fxe5 19. fxe5 Rxf1+ 20. Qxf1 Bd7 21. a3
Bc6 22. Qe2 Qb6 23. h3 Rf8 24. Kh2 Bh6 25. h4 Bf4 26. Bxf4 Rxf4 27. Kg3 Rf7 28.
Rf1 Rxf1 29. Qxf1 d4 30. Ne2 Bd5 31. Qf6 Qxb2 32. h5 gxh5 33. Nf4 Qxc2 34. Qd8+
Kf7 35. Qd7+ Kf8 36. Qd8+ Kf7 37. Qd7+ Kf8 38. Qd8+ Kf7 1/2-1/2

[Event "PRO League Central 2017"]
[Site "chess.com INT"]
[Date "2017.02.01"]
[Round "4"]
[White "Van de Oudeweetering, Arthur"]
[Black "Delaney, Killian"]
[Result "1/2-1/2"]
[WhiteTitle "IM"]
[WhiteElo "2298"]
[BlackElo "2230"]
[WhiteTeam "Apeldoorn Apes"]
[BlackTeam "Dublin Desperados"]
[WhiteFideId "1000551"]
[BlackFideId "2501570"]
[EventDate "2017.01.11"]

1. e4 c5 2. c3 Nf6 3. e5 Nd5 4. Nf3 Nc6 5. Bc4 Nb6 6. Bb3 d5 7. exd6 Qxd6 8. O-O
c4 9. Bc2 Bg4 10. Re1 O-O-O 11. b3 Ne5 12. Rxe5 Bxf3 13. Qe1 Bc6 14. Na3 cxb3
15. axb3 f6 16. Re2 e5 17. Be4 Kb8 18. c4 a6 19. Nc2 Bxe4 20. Rxe4 Qd3 21. Na3
Bb4 22. Re3 Bxd2 23. Bxd2 Qxd2 24. Qb1 Rd4 25. g3 Rhd8 26. Qxh7 Qb2 27. Ree1 Rd2
28. Qf5 Nc8 29. c5 Ne7 30. Qf3 R8d3 31. Qg2 Qxb3 32. h4 Rd1 33. Rexd1 Rxd1+ 34.
Rxd1 Qxd1+ 35. Qf1 Qxf1+ 36. Kxf1 Kc7 37. Nc4 Kc6 38. Na5+ Kxc5 39. Nxb7+ Kc6
40. Nd8+ Kd7 41. Nb7 Kc7 42. Nc5 Kb6 43. Ne6 g6 44. g4 a5 45. Ke1 a4 46. Kd2 Kc6
47. h5 gxh5 48. gxh5 Ng8 49. Kc3 Kd5 50. Ng7 Ke4 51. Kb4 Kf3 52. Ne8 f5 53. Nd6
f4 54. Nf7 Ke4 55. h6 Nxh6 56. Nxh6 Kd3 57. Nf7 e4 58. Ng5 f3 59. Kxa4 e3 60.
Nxf3 exf2 61. Nh2 Ke3 62. Kb3 Kf4 63. Kc3 f1=Q 64. Nxf1 1/2-1/2

[Event "PRO League Central 2017"]
[Site "chess.com INT"]
[Date "2017.02.01"]
[Round "4"]
[White "Burg, Twan"]
[Black "Villegas, Pierre"]
[Result "1/2-1/2"]
[WhiteTitle "GM"]
[BlackTitle "FM"]
[WhiteElo "2508"]
[BlackElo "2363"]
[WhiteTeam "Hamburg Swashbucklers"]
[BlackTeam "Cannes Blockbusters"]
[WhiteFideId "1010697"]
[BlackFideId "654183"]
[EventDate "2017.01.11"]

1. e4 c6 2. c4 d5 3. cxd5 cxd5 4. exd5 Nf6 5. Nc3 Nxd5 6. Nf3 Nc6 7. d4 e6 8.
Bd3 Be7 9. O-O O-O 10. a3 Nf6 11. Bc2 b6 12. Qd3 g6 13. Bh6 Re8 14. Rad1 Bb7 15.
Rfe1 Rc8 16. Ba4 a6 17. Bb3 Na5 18. Ba2 Nd5 19. Ne5 Bf8 20. Bd2 Nxc3 21. Bxc3
Bg7 22. Qe2 Rc7 23. f4 Qa8 24. h4 Bd5 25. Bb1 Nc4 26. Rd3 Nxe5 27. fxe5 Bc4 28.
h5 Bxd3 29. Bxd3 b5 30. Rf1 Qc8 31. Qf3 Ree7 32. Be4 Red7 33. Qf4 Rxc3 34. bxc3
Qxc3 35. d5 Qd4+ 36. Kh1 Qxe5 37. Qxe5 Bxe5 38. dxe6 fxe6 39. hxg6 hxg6 40. Bxg6
Kg7 41. Be4 Bb2 42. Rf3 Rd1+ 43. Kh2 Ra1 44. Bb7 Rxa3 45. Rxa3 Bxa3 46. Bxa6 b4
47. Bc4 Kf6 48. Kg3 Ke5 49. Kf3 Bb2 50. g4 Kd6 51. Ke4 Bg7 1/2-1/2